Objective Physics for Medical and Engineering Entrance Exam (Record no. 52844)

MARC details
000 -LEADER
fixed length control field 00416nam a2200133Ia 4500
008 - FIXED-LENGTH DATA ELEMENTS--GENERAL INFORMATION
fixed length control field 211109s9999||||xx |||||||||||||| ||und||
082 ## - DEWEY DECIMAL CLASSIFICATION NUMBER
Classification number 530.076
Item number JAI-O
100 ## - MAIN ENTRY--PERSONAL NAME
Personal name Jain, Mahesh
245 #0 - TITLE STATEMENT
Title Objective Physics for Medical and Engineering Entrance Exam
260 ## - PUBLICATION, DISTRIBUTION, ETC.
Name of publisher, distributor, etc. S Chand & Company
Place of publication, distribution, etc. Delhi
Date of publication, distribution, etc. 1997
630 ## - SUBJECT ADDED ENTRY--UNIFORM TITLE
General subdivision Reference Reading Room
650 ## - SUBJECT ADDED ENTRY--TOPICAL TERM
Topical term or geographic name entry element Natural sciences & mathematics
942 ## - ADDED ENTRY ELEMENTS (KOHA)
Koha item type BOOK
650 ## - SUBJECT ADDED ENTRY--TOPICAL TERM
Form subdivision PhysicsGeneralia
Holdings
Withdrawn status Lost status Damaged status Not for loan Home library Current library Date acquired Cost, normal purchase price Total Checkouts Full call number Barcode Shelving location Date last seen Price effective from Koha item type
        SB LIBRARY SB LIBRARY 09/11/2021 100.00   530.076 JAI-O 00095096 REFERENCE READING ROOM 09/11/2021 09/11/2021 BOOK

Powered by Koha